Principios de anatomía y fisiología (Registro nro. 3463)

Detalles MARC
000 -CABECERA
Longitud fija campo de control 00903nam a2200277 4500
001 - NÚMERO DE CONTROL
Número de control bimo0001287590
003 - IDENTIFICADOR DELl NÚMERO DE CONTROL
Identificador del número de control OSt
005 - FECHA Y HORA DE LA ÚLTIMA TRANSACCIÓN
Fecha y hora de la última transacción 20131026105958.0
008 - CÓDIGOS DE INFORMACIÓN DE LONGITUD FIJA
Códigos de información de longitud fija 990719s1993 mex spa
020 ## - NÚMERO INTERNACIONAL NORMALIZADO PARA LIBROS
Número Internacional Normalizado para Libros (ISBN) 970-613-045-4
040 ## - FUENTE DE LA CATALOGACIÓN
Centro catalogador de origen SpMaBN
Lengua de catalogación spa
Centro transcriptor BMC
Normas de descripción rdc
082 ## - NÚMERO DE LA CLASIFICACIÓN DECIMAL DEWEY
Númeroo de clasificación 611
082 ## - NÚMERO DE LA CLASIFICACIÓN DECIMAL DEWEY
Númeroo de clasificación 612
100 1# - PUNTO DE ACCESO PRINCIPAL-NOMBRE DE PERSONA
9 (RLIN) 4227
Nombre de persona Tortora, Gerard J.
245 10 - MENCIÓN DE TÍTULO
Título Principios de anatomía y fisiología
Mención de responsabilidad, etc. Gerard J. Tortora, Nicholas P. Anagnostakos ; [traducción, Martha Casilleja Mendieta]
250 ## - MENCIÓN DE EDICIÓN
Mención de edición 6ª ed
260 0# - PUBLICACIÓN, DISTRIBUCIÓN, ETC. (PIE DE IMPRENTA)
Lugar de publicación, distribución, etc. México, D.F. [etc]
Nombre del editor, distribuidor, etc. Harla
Fecha de publicación, distribución, etc. 1993
300 ## - DESCRIPCIÓN FÍSICA
Extensión XXVIII,1206, [241] p.
Otras características físicas il.
Dimensiones 28 cm
500 ## - NOTA GENERAL
Nota general Incluye índice
594 ## - NOTA AL TÍTULO Y MENCIÓN DE RESPONSABIBLIDAD
Nota Al Título Y Mención De Responsabilidad Traducción de: Principles of anatomy and physiology, 6th ed.
650 24 - PUNTO DE ACCESO ADICIONAL DE MATERIA - TÉRMINO DE MATERIA
Término de materia o nombre geográfico como elemento inicial Anatomía humana
9 (RLIN) 4181
650 24 - PUNTO DE ACCESO ADICIONAL DE MATERIA - TÉRMINO DE MATERIA
Término de materia o nombre geográfico como elemento inicial Fisiología humana
9 (RLIN) 580
700 1# - PUNTO DE ACCESO ADICIONAL - NOMBRE DE PERSONA
Nombre de persona Anagnostakos, Nicholas P.
9 (RLIN) 7926
700 1# - PUNTO DE ACCESO ADICIONAL - NOMBRE DE PERSONA
Nombre de persona Castilleja Mendieta, Martha
9 (RLIN) 7857
942 ## - ENTRADA DE ELEMENTOS AGREGADOS (KOHA)
Fuente de clasificaión o esquema Dewey Decimal Classification
Koha [por defecto] tipo de item 1- Monografias
Existencias
Suprimido Perdido Fuente de clasificación o esquema Estropeado Restricciones de uso No para préstamo Código de colección Localización permanente Localización actual Localización en estanter&íacute;as Fecha adquisición Fuente de adquisición Número de inventario Préstamos totales Renovaciones totales Signatura completa Código de barras Fecha última consulta Fecha último préstamo Coste, precio reemplazado Fecha del precio de reemplazo Tipo de item de Koha
NULL NULL Dewey Decimal Classification NULL Préstamo en Sala NULL NULL Biblioteca Miguel de Cervantes - UNICAES Biblioteca Miguel de Cervantes - UNICAES Sala Principal 25/10/2013 Donación - Facultad de Ciencias y Humanidades 005449 24 2 611 TOR pri 1005449 28/08/2024 26/08/2024 35.00 25/10/2013 1- Monografias